Economic Survey 1/91

Na minha lista:
Detalhes bibliográficos
Formato: Livro
Idioma:inglês
Publicado em: Oslo Central Bureau of Statistics 1991
Tags: Adicionar Tag
Sem tags, seja o primeiro a adicionar uma tag!

MARC

LEADER 00000nam a2200000 4500
001 c022437
005 20251217121555.9
041 0 |a eng 
044 |a NO 
245 1 0 |a Economic Survey 1/91 
264 1 |a Oslo  |b Central Bureau of Statistics  |c 1991 
300 |a 82 s.